LIBRARY & INFORMATION CENTRE, KCAET, TAVANUR

ONLINE PUBLIC ACCESS CATALOGUE (OPAC)

Logic and Knowledge / (Record no. 11832)

MARC details
000 -LEADER
fixed length control field 00419cam a2200169ua 4500
041 ## - LANGUAGE CODE
Language code of text/sound track or separate title eng
082 ## - DEWEY DECIMAL CLASSIFICATION NUMBER
Classification number 824
Item number RUS/Lo
100 ## - MAIN ENTRY--AUTHOR NAME
Personal name Russel, Bertrand .
245 ## - TITLE STATEMENT
Title Logic and Knowledge /
260 ## - PUBLICATION, DISTRIBUTION, ETC. (IMPRINT)
Place of publication London :
Name of publisher George Allen & Unwin Ltd ,
Year of publication 1956.
300 ## - PHYSICAL DESCRIPTION
Number of Pages 382 ; .
942 ## - ADDED ENTRY ELEMENTS (KOHA)
Koha item type Books
Holdings
Withdrawn status Lost status Damaged status Home library Current library Date acquired Full call number Accession Number Koha item type Public note
Withdrawn     KAUAET KAUAET 07/04/2012 824 3980 Books Deleted
free website counter